Statistics for Country Flags that Depict the Flag Itself on the Flag

Click here to take the quiz!

General Stats

  • This quiz has been taken 47 times
  • The average score is 5 of 8

Answer Stats

Country% Correct
Haiti
65%
Bolivia
63%
Ecuador
63%
Costa Rica
55%
Dominican Republic
55%
El Salvador
55%
Venezuela
55%
Afghanistan
45%

Score Distribution

Percentile by Number Answered

Percent of People with Each Score

Your Score History

You have not taken this quiz